The 92 Clubs 25/26 - Statistics

General Stats
  • This quiz has been taken 30 times
  • The average score is 70 of 92
Answer Stats
Hint Answer % Correct
1 Arsenal
100%
2 Aston Villa
100%
3 Bournemouth
100%
5 Brighton
100%
6 Burnley
100%
7 Chelsea
100%
8 Crystal Palace
100%
9 Everton
100%
11 Leeds
100%
12 Liverpool
100%
13 Manchester City
100%
14 Manchester United
100%
15 Newcastle
100%
16 Nottingham Forest
100%
18 Tottenham
100%
19 West Ham
100%
20 Wolverhampton Wanderers
100%
4 Brentford
96%
6 Derby
96%
10 Fulham
96%
9 Leicester
96%
17 Sunderland
96%
8 Ipswich
92%
14 Portsmouth
92%
17 Sheffield United
92%
18 Sheffield Wednesday
92%
19 Southampton
92%
2 Blackburn
88%
3 Bristol City
88%
5 Coventry
88%
7 Hull
88%
13 Oxford
88%
23 West Brom
88%
24 Wrexham
88%
1 Birmingham
83%
4 Bolton
83%
4 Bristol Rovers
83%
7 Cardiff
83%
13 Luton
83%
11 Millwall
83%
16 Queens Park Rangers
83%
21 Swansea
83%
1 Accrington
79%
9 Exeter
79%
12 Norwich
79%
15 Preston North End
79%
5 Bradford
75%
4 Charlton
75%
12 Lincoln
75%
10 Middlesbrough
75%
17 Plymouth
75%
18 Port Vale
75%
22 Watford
75%
3 Blackpool
71%
16 Milton Keynes Dons
71%
18 Notts County
71%
1 AFC Wimbledon
67%
2 Barnsley
67%
19 Oldham
67%
19 Reading
67%
20 Stoke
67%
22 Swindon
67%
23 Wigan
67%
5 Bromley
63%
6 Cambridge
63%
13 Gillingham
63%
10 Huddersfield
63%
14 Mansfield
63%
15 Northampton
63%
16 Peterborough
63%
20 Rotherham
63%
22 Stockport
63%
2 Barnet
58%
3 Barrow
58%
20 Salford
58%
23 Tranmere
58%
10 Crawley
54%
8 Doncaster
54%
14 Grimsby
54%
15 Harrogate
54%
11 Leyton Orient
54%
17 Newport
54%
21 Stevenage
54%
24 Walsall
54%
24 Wycombe
54%
11 Crewe
50%
7 Cheltenham
46%
21 Shrewsbury
46%
9 Colchester
42%
12 Fleetwood
42%
8 Chesterfield
38%
6 Burton
33%
No matching quizzes found
Score Distribution
Percent of People with Each Score
Percentile by Number Answered
Your Score History
You have not taken this quiz